000 00813nam a2200205Ia 4500
001 b2271-22496 [991]
003 IT-MiCISF
008 161014s9999||||xx |||||||||||||| ||und||
040 _aIT-MiCISF
_cIT-MiCISF
041 _ait
100 _aAA.VV.
245 0 _aEducare oggi
_bItinerari formativi per genitori
250 _a1a ed.
260 _a Milano
_bIn dialogo
_c1989
300 _ap. 116
500 _aAzione Cattolica Italiana, Centro diocesano di Milano - Commissione famiglia (a cura di) - Monaco F., ViganĂ² G., Biader G., Caimi L., Pati L., Vico G., Basadonna G., Roveda P., Grampa G., Galli L., Gianelli S. / educazione-genitori, magistero, educazione-bambini, adolescenza, famiglia, chiesa, fede, pastorale-sacramenti /
650 _aeducazione
942 _cBK
957 _71
999 _a22496
_bsi
_g1
_c215217
_d215217